Особенности распределения нефтепродуктов в геологическом разрезе площадки хранения ГСМ в связи с её рекультивацией; Проблемы геологии и освоения недр

Détails bibliographiques
Parent link:Проблемы геологии и освоения недр.— 2004.— С. 336-337
Auteur principal: Огнетова М. П.
Autres auteurs: Ермашова Н. А. (научный руководитель)
Langue:russe
Publié: 2004
Sujets:
Format: Chapitre de livre
KOHA link:https://koha.lib.tpu.ru/cgi-bin/koha/opac-detail.pl?biblionumber=211002

MARC

LEADER 00000naa2a2200000 4500
001 211002
005 20231031192229.0
035 |a (RuTPU)RU\TPU\book\230463 
090 |a 211002 
100 |a 20120306d2004 k y0rusy50 ca 
101 0 |a rus 
102 |a RU 
200 1 |a Особенности распределения нефтепродуктов в геологическом разрезе площадки хранения ГСМ в связи с её рекультивацией  |f М. П. Огнетова  |g науч. рук. Н. А. Ермашова 
320 |a Библиогр.: 2 назв. 
463 0 |0 (RuTPU)RU\TPU\book\77451  |y 5-89503-079-3  |t Проблемы геологии и освоения недр  |o труды Восьмого Международного симпозиума имени ак. М. А. Усова студентов и молодых ученых, посвященного 400-летию г. Томска, 5-9 апреля 2004 г., Томск  |f Администрация г. Томска; Томский политехнический университет  |v С. 336-337  |d 2004  |p 913 с. 
610 1 |a нефтепродукты 
610 1 |a геологические разрезы 
610 1 |a горючесмазочные средства 
610 1 |a хранение 
610 1 |a рекультивация 
610 1 |a труды учёных ТПУ 
700 1 |a Огнетова  |b М. П. 
702 1 |a Ермашова  |b Н. А.  |4 727 
801 1 |a RU  |b 63413507  |c 20120306 
942 |c BK